000 00621cab a2200241 4500
001 ABS53365
008 090401t1995 xxu||||| |||| 00| 0 eng d
035 _a(Sirsi) u3759
041 _aeng
245 _aAs safe as houses?
260 _c1995
350 _a0
490 _aWhich?
_vJuly 1995, 20-21(2)
520 _aExposes the inadequacies of the NHBC`s Buildmark warranty.
650 _aBUILDMARK WARRANTY
650 _aDEFECTS
650 _aHOUSE BUILDERS
650 _aHOUSE BUILDING
650 _aInsurance
_96249
690 _aBUILT ENVIRONMENT-BUILDING PATHOLOGY
942 _n0
948 _c04/03/1997
999 _c2291
_d2291